000 00834nam a2200277 4500
001 2662403
003 OSt
005 20140310182126.0
008 710617s1971 mauabc b 001 0 eng
010 _a 72106237
040 _aDLC
_cDLC
_dDLC
043 _an-us---
050 0 0 _aE 169.1
_b.N363 1971
082 0 0 _aHS 661.06
_bN17 1997
100 1 _aNash, Gerald D.
_914356
245 1 4 _aThe great transition :
_ba short history of twentieth-century America /
_cGerald D. Nash.
260 _aBoston, Mass. :
_bAllyn and Bacon,
_cc1971.
300 _a515 p. :
_bill. ;
_c22 cm.
521 _a
526 _c
651 0 _aUnited States
_xCivilization
_y20th century.
_914357
651 0 _aUnited States
_xHistory
_y20th century.
_914358
906 _a7
_bcbc
_corignew
_d4
_encip
_f19
_gy-gencatlg
942 _2lcc
_cHS
999 _c9619
_d9619